00474 a2200169 450000500170000001000130001702000260003003500130005603700180006908200080008710000170009524501150011226000270022727000100025430000220026470000180028620241128162556.0 aB-761282 a9789364681384c350.00 aB-761282 bGift/28.11.24 a330 aDas. Abhijit aS. Chand's ICSE Economics Applications;bAsper 2027 Syllabus for Class IX Book 1/cAbhijit Das and Kalyan Basu aU.P.bS. Chand'sc2025 aU. P. a202 p.c25cm (Pb) aBasu, Kalyan